=LDR 00000nam 2200000 4500 =001 INLIS000000000030954 =005 20251023011941 =035 ##$$a 0010-061300000030954 =008 251023###########################0#ind## =041 ##$$a ind =082 ##$$a 028.5 =090 ##$$a 208.5, Nan r =100 ##$$a Nanit, Bunda =245 1#$$a Rafi Si Api /$c oleh Bunda Nanit dan Jodhi P.Giriarso ; editor, Imran Laha =260 ##$$a Jakarta :$b Bumi AksaraGroup,$c 2008 =300 ##$$a 32 hlm, : $b ilus ; $c 16 cm =650 #4$$a Bacaan Anak-anak =850 ##$$a NBPNMAT =020 ##$$a 978-979-010-457-0 =084 ##$$a 028.5 NAN r =990 ##$$a 0001/BPAP-NTB/20142014 =990 ##$$a 21603094/BPAP-NTB/2017 =990 ##$$a 21603095/BPAP-NTB/2017 =990 ##$$a 21306415 =990 ##$$a 21603094/BPAP-NTB/2017 =990 ##$$a 21603095/BPAP-NTB/2017